| 000 | 00561nam a22001937a 4500 | ||
|---|---|---|---|
| 005 | 20260423161708.0 | ||
| 008 | 260423b |||||||| |||| 00| 0 eng d | ||
| 037 | _cDSWL | ||
| 040 |
_aDSWL _cDSWL |
||
| 041 | _heng | ||
| 084 | _aSOaYX Q7 | ||
| 100 |
_aMisca , Gabriela _91235578 |
||
| 245 | _aPsychology and Social Work: Applied Perspectives | ||
| 260 |
_aCambridge, _bPolity Press, _c2017 |
||
| 300 | _a202p | ||
| 700 |
_aPeter Unwin _91104907 |
||
| 942 |
_2CC _cTEXL _hSOaYX Q7 _n0 |
||
| 999 |
_c1848458 _d1848458 |
||